00503 2200193 4500001002100000005001500021008004100036020001800077035001900095041000700114082001000121090001400131100001900145245004200164260003500206300003900241500001200280650001700292INLIS00000000000544420241224113112241224||||||||| | ||| |||| || |  a979-489-175-4 0010-1224005444 aid0 a635.6 a635.6 TOM0 aTim Penulis PS00aTomat: Pembudidayaan Secara Komersial aJakartabPenebar Swadayac2007 a20x14,5 cm, viii, 124 hlm.; ilus.: aCet. 14 0aIlmu Terapan